00350 2200133 4500001002100000008004100021035002000062245004100082100002200123260003500145300001300180084001400193990000900207INLIS000000000003965 Ind  a0010-0723000450 a25 Nabi dan RasulcMB. Rahimsyah. AR aAR, MB. Rahimsyah aSurabaya:bMedia Pustakac2016 a128 hlm. a004 25N m a4051